000 00259nam a22001097a 4500
008 160520b xxu||||| |||| 00| 0 eng d
020 _a0312178182
041 _aeng
080 _a316.77
245 _aFilm an introduction:
_cWilliam H. Phillip;
942 _2udc
_cBK
999 _c2292
_d2292